000 00351nam a2200133Ia 4500
008 240624s9999 xx 000 0 und d
041 _aeng
082 _a658 BAI
100 _aBAIN NEVILLE
245 _aWINNING WAYS THROUGH CORPORATE GOVERNANC
260 _c1996
_aLondon
_bMacmillan Press
300 _axix, : 211 : p. : cm. ; 24
365 _cBPS
_b30
999 _c16498
_d16498